<?xml version="1.0" encoding="UTF-8"?>
<record
    xmlns:xsi="http://www.w3.org/2001/XMLSchema-instance"
    xsi:schemaLocation="http://www.loc.gov/MARC21/slim http://www.loc.gov/standards/marcxml/schema/MARC21slim.xsd"
    xmlns="http://www.loc.gov/MARC21/slim">

  <leader>02051nam a22002417a 4500</leader>
  <controlfield tag="005">20251206125540.0</controlfield>
  <controlfield tag="008">220906b           ||||| |||| 00| 0 eng d</controlfield>
  <datafield tag="020" ind1=" " ind2=" ">
    <subfield code="a">9789352879045</subfield>
  </datafield>
  <datafield tag="040" ind1=" " ind2=" ">
    <subfield code="c">AL</subfield>
  </datafield>
  <datafield tag="041" ind1=" " ind2=" ">
    <subfield code="a">eng</subfield>
  </datafield>
  <datafield tag="082" ind1=" " ind2=" ">
    <subfield code="2">23</subfield>
    <subfield code="a">820.302</subfield>
    <subfield code="b">GUPP</subfield>
  </datafield>
  <datafield tag="100" ind1=" " ind2=" ">
    <subfield code="a">Jagadish Gupta</subfield>
    <subfield code="9">248158</subfield>
  </datafield>
  <datafield tag="245" ind1=" " ind2=" ">
    <subfield code="a">Primal issue</subfield>
    <subfield code="b">: stories of women</subfield>
  </datafield>
  <datafield tag="260" ind1=" " ind2=" ">
    <subfield code="a">Hyderabad</subfield>
    <subfield code="b">Orient Blackswan</subfield>
    <subfield code="c">2020</subfield>
  </datafield>
  <datafield tag="300" ind1=" " ind2=" ">
    <subfield code="a">xxiv,119p</subfield>
    <subfield code="b">PB</subfield>
    <subfield code="c">21x14cm</subfield>
  </datafield>
  <datafield tag="365" ind1=" " ind2=" ">
    <subfield code="2">English</subfield>
    <subfield code="a">3496</subfield>
    <subfield code="b">308.00</subfield>
    <subfield code="c">&#x20B9;</subfield>
    <subfield code="d">395.00</subfield>
    <subfield code="e">22%</subfield>
    <subfield code="f">09-08-2022</subfield>
  </datafield>
  <datafield tag="520" ind1=" " ind2=" ">
    <subfield code="a">Jagadish Gupta was a pioneer of the great modernist movement that began in the last quarter of Rabindranath Tagore's life, and ushered in what was to become a glorious post-Tagore phase of Bengali literature.  He wrote mainly novels and short stories, and drew both high praise and sharp criticism from Tagore. His works, often far ahead of their time, are marked for their unsentimental, analytical approach and fearless exploration of taboo themes. Having faced vitriol, poverty and neglect in his lifetime, he is now recognised as a landmark figure in Bengal's literary legacy.
A Primal Issue is the first collection of his stories to appear in English. All the seven stories, with women as central protagonists, probe the deep undercurrents of life at individual, familial and social levels. Six of them focus unsparingly on the brutal realities of the day&#x2014;child marriage, taboo on widow remarriage, polygamy, society's constant violation of women's humanity&#x2014;and yet remain affirmative in their final impact. The seventh story is a delightful take on a common enough male fantasy. Together, these stories, written between the 1920s and 1930s, voice a defiance of conservatism that still resonates with undiminished power.
Translated by Subrata Basu, the collection comes as a long overdue reminder of one of the great authors of Bengal.</subfield>
  </datafield>
  <datafield tag="650" ind1=" " ind2=" ">
    <subfield code="a">Indian English Fiction</subfield>
    <subfield code="9">56753</subfield>
  </datafield>
  <datafield tag="650" ind1=" " ind2=" ">
    <subfield code="a">Indian English Stories</subfield>
    <subfield code="9">56754</subfield>
  </datafield>
  <datafield tag="650" ind1=" " ind2=" ">
    <subfield code="a">Bengali Tr in English</subfield>
    <subfield code="9">56755</subfield>
  </datafield>
  <datafield tag="700" ind1=" " ind2=" ">
    <subfield code="a">Basu, Subrata Tr</subfield>
    <subfield code="9">56757</subfield>
  </datafield>
  <datafield tag="942" ind1=" " ind2=" ">
    <subfield code="2">ddc</subfield>
    <subfield code="c">BK</subfield>
  </datafield>
  <datafield tag="999" ind1=" " ind2=" ">
    <subfield code="c">224526</subfield>
    <subfield code="d">224526</subfield>
  </datafield>
  <datafield tag="952" ind1=" " ind2=" ">
    <subfield code="0">0</subfield>
    <subfield code="1">0</subfield>
    <subfield code="2">ddc</subfield>
    <subfield code="4">0</subfield>
    <subfield code="7">0</subfield>
    <subfield code="8">ENG</subfield>
    <subfield code="a">AL</subfield>
    <subfield code="b">AL</subfield>
    <subfield code="d">2022-08-11</subfield>
    <subfield code="e">Biblios Book Point, Surathkal, Mangalore-575014</subfield>
    <subfield code="g">308.00</subfield>
    <subfield code="l">0</subfield>
    <subfield code="o">820.302 GUPP</subfield>
    <subfield code="p">075980</subfield>
    <subfield code="r">2022-09-06 00:00:00</subfield>
    <subfield code="v">395.00</subfield>
    <subfield code="w">2022-09-06</subfield>
    <subfield code="y">BK</subfield>
  </datafield>
</record>
